Statistics for Outer Hebrides Map

Click here to take the quiz!

General Stats

  • This quiz has been taken 218 times
  • The average score is 22 of 56

Answers on the Map

Answers color-coded by a green-red scale on the quiz's map according to % correct below.
 

Answer Stats

Islands% Correct
{Lewis} and {Harris}
98%
North {Uist}
96%
South {Uist}
96%
Barra
89%
{Barra} Head
89%
Benbecula
81%
Great {Bernera}
68%
Little {Bernera}
68%
Ceann {Ear}
66%
Eriskay
63%
Vatersay
63%
{Hirta}, St Kilda
62%
{Grimsay} (North)
53%
{Grimsay} (South)
53%
Scalpay
53%
Berneray
52%
Mingulay
52%
{Pabaigh} Mòr
52%
{Pabbay} (North)
52%
{Pabbay} (South)
52%
Baleshare
40%
Boreray
38%
{Boreray}, St Kilda
38%
Taransay
38%
Scarp
37%
{Soay}, St Kilda
33%
Vallay
32%
Fuday
30%
Sandray
29%
Wiay
27%
Ceann {Iar}
26%
Kirkibost
26%
Ronay
24%
Flodaigh
23%
{Flodaigh} Mòr
23%
{Garhb} Eilean
23%
Hellisay
23%
Seaforth
22%
Oronsay
21%
Muldoanich
20%
{Fraoch}-eilean
19%
Hermetray
19%
Ensay
18%
{Fuaigh} Mòr
17%
Fuiay
16%
Gighay
16%
Tahay
15%
{Ceallasaigh} Beag
14%
{Ceallasaigh} Mòr
14%
Eilean {Chaluim} {Chille}
14%
Eilean {Chearstaidh}
14%
Eilean {Luibhaird}
14%
Eilean {Mhealasta}
14%
Eileanan {Iasgaich}
13%
Killegray
13%
Stromay
13%

Score Distribution

Percentile by Number Answered

Percent of People with Each Score

Your Score History

You have not taken this quiz